Introduction to programming and computer fundamentals : (Record no. 133264)

MARC details
000 -LEADER
fixed length control field 00822nam a22002537a 4500
003 - CONTROL NUMBER IDENTIFIER
control field dpl
005 - DATE AND TIME OF LATEST TRANSACTION
control field 20181122181137.0
008 - FIXED-LENGTH DATA ELEMENTS--GENERAL INFORMATION
fixed length control field 180827b xxu||||| |||| 00| 0 eng d
010 ## - LIBRARY OF CONGRESS CONTROL NUMBER
LC control number B-160822
020 ## - INTERNATIONAL STANDARD BOOK NUMBER
Terms of availability 00.00
International Standard Book Number 8182930006
035 ## - SYSTEM CONTROL NUMBER
System control number B-160822, B-160834, B-160836
037 ## - SOURCE OF ACQUISITION
Source of stock number/acquisition Cen Lib/Ret
040 ## - CATALOGING SOURCE
Original cataloging agency DPL
Language of cataloging EN
Transcribing agency 0
082 ## - DEWEY DECIMAL CLASSIFICATION NUMBER
Classification number 005.13
Item number KUK
100 ## - MAIN ENTRY--PERSONAL NAME
Personal name Kukreti, Amit Kumar
9 (RLIN) 61668
245 ## - TITLE STATEMENT
Title Introduction to programming and computer fundamentals :
Statement of responsibility, etc by Amit Kumar Kukreti
260 ## - PUBLICATION, DISTRIBUTION, ETC. (IMPRINT)
Place of publication, distribution, etc New Delhi
Name of publisher, distributor, etc International scientific publishing academy
Date of publication, distribution, etc 2005
270 ## - ADDRESS
Address 4594/9, Daryaganj
City New Delhi
Postal code 110002
300 ## - PHYSICAL DESCRIPTION
Extent x,262p.
Dimensions 20cm(Hb)
500 ## - GENERAL NOTE
General note Includes index
650 ## - SUBJECT ADDED ENTRY--TOPICAL TERM
Topical term or geographic name as entry element Computer science
9 (RLIN) 61669
650 ## - SUBJECT ADDED ENTRY--TOPICAL TERM
Topical term or geographic name as entry element Computer programming
9 (RLIN) 1122
942 ## - ADDED ENTRY ELEMENTS (KOHA)
Source of classification or shelving scheme Dewey Decimal Classification
Koha item type English Books
Classification part 005.13
Call number suffix KUK
Holdings
Withdrawn status Lost status Damaged status Not for loan Home library Current library Date acquired Source of acquisition Cost, normal purchase price Total Checkouts Full call number Barcode Date last seen Copy number Cost, replacement price Price effective from Koha item type Source of classification or shelving scheme Collection code Date checked out
        Central Library Central Library 25/07/2015 Cen Lib/Ret 0.00   005.13 KUK B-160822 25/07/2015 1 0.00 25/07/2015 English Books      
        Shahdara Branch Shahdara Branch 27/08/2018 BPPD/PUB 0.00 2 005.13 KUK B-160834 11/12/2020   0.00 27/08/2018 English Books Dewey Decimal Classification Non-fiction 25/11/2020
        Vigyan Vihar Vigyan Vihar 22/11/2018 BPPD/PUB 0.00   005.13 KUK B-160836 22/11/2018   0.00 22/11/2018 English Books Dewey Decimal Classification Non-fiction  

© Delhi Public Library
Hit Counter
free hit counter